10 Most Populous Cities in Wyoming - Statistics

General Stats
  • This quiz has been taken 18 times
  • The average score is 8 of 10
Answer Stats
Population City % Correct
65,141 Cheyenne
100%
58,523 Casper
94%
32,395 Laramie
94%
33,501 Gillette
88%
19,801 Sheridan
88%
10,591 Jackson
82%
22,774 Rock Springs
76%
11,392 Green River
71%
11,004 Riverton
59%
11,822 Evanston
53%
No matching quizzes found
Score Distribution
Percent of People with Each Score
Percentile by Number Answered
Your Score History
You have not taken this quiz